000 00872nam a2200241 a 4500
001 BRCA_1165
005 20190320203318.0
008 921103s1992 mx-a---##c---#000-0#spa-#
040 _aDLC
_cDLC
041 _aspa
044 _amx
050 4 _aND1312
_b.M37 1992
100 1 _aMartínez del Río Redo, Marita
_93851
245 1 0 _aEl retrato civil en la Nueva España
_cproyecto e investigación Marita Martínez del Río Redo.
260 _aMéxico
_bMuseo de San Carlos
_c[1992]
300 _a73 p.
_bil. a color
_c28 cm.
500 _aCatálogo de la exposición realizada en el Museo de San Carlos, octubre 1991 - enero 1992
504 _aBibliografía: p. 65-66
650 1 4 _aPintura de retratos coloniales
_vExposiciones
_zMéxico
_93852
650 1 4 _aPintura de retratos mexicanos
_vExposiciones
_93853
651 4 _aMéxico
_vBiografías
_92411
942 _2lcc
_cB
999 _c1042
_d1042